=LDR 00000nam 2200000 4500 =001 NUTBA000000000002180 =005 20201203091728 =035 ##$$a 0010-061400000000123 =008 201203###########################0###### =082 ##$$a 330.09-Hei-t =100 ##$$a Robert I. Heilbroner =245 1#$$a Tokoh-tokoh besar pemikir ekonomi =260 ##$,$c 1972 =300 ##$$a 383 hlm ; $c 21 cm =850 ##$$a nbpnmat =990 ##$$a 21400613/BPAP-NTB/20142014